IATA Airport Codes (US) Quiz Stats

 Plays Quiz not verified by Sporcle

Challenge
Share
Tweet
Embed
Score 0/50 Timer 05:00
0 Plays Today
Airport Code City % Correct
ATLAtlanta, GA
98.4%
BOSBoston, MA
98.4%
DENDenver, CO
95.4%
LAXLos Angeles, CA
94.6%
CLECleveland, OH
93.2%
LASLas Vegas, NV
91.8%
JFKNew York, NY (JFK Int'l)
91.3%
DFWDallas-Fort Worth, TX
90.5%
MIAMiami, FL
89.4%
AUSAustin, TX
88.3%
HNLHonolulu, HI
86.4%
INDIndianapolis, IN
85%
OAKOakland, CA
85%
PHXPhoenix, AZ
83.9%
MEMMemphis, TN
83.7%
ABQAlbuquerque, NM
83.4%
ANCAnchorage, AK
83.4%
PHLPhiladelphia, PA
83.4%
EWRNewark, NJ
83.1%
LGANew York, NY (La Guardia)
83.1%
BWIBaltimore, MD
82.6%
SEASeattle, WA
82.3%
DTWDetroit, MI
82%
SFOSan Francisco, CA
80.4%
DCAWashington, DC (Reagan)
79.8%
Airport Code City % Correct
ORDChicago, IL (O'Hare)
78.5%
PITPittsburgh, PA
78.2%
CLTCharlotte, NC
77.1%
IADWashington, DC (Dulles)
77.1%
OMAOmaha, NE
77.1%
IAHHouston, TX
76.6%
FLLFort Lauderdale, FL
76%
SANSan Diego, CA
75.7%
TPATampa, FL
74.9%
OKCOklahoma City, OK
74.7%
MSPMinneapolis, MN
73.6%
SLCSalt Lake City, UT
73.6%
MCOOrlando, FL
70.6%
PDXPortland, OR
69.5%
MDWChicago, IL (Midway)
68.4%
MKEMilwaukee, WI
67.8%
CVGCincinnati, OH
67%
STLSt. Louis, MO
64.9%
FARFargo, ND
62.4%
MSYNew Orleans, LA
62.4%
BNANashville, TN
60.5%
SATSan Antonio, TX
59.4%
CMHColumbus, OH
55%
PVDProvidence, RI
54.5%
MCIKansas City, MO
53.7%

You're not logged in!

Compare scores with friends on all Sporcle quizzes.
Join for Free
OR
Log In

You Might Also Like...

Show Comments

Extras

Top Quizzes Today


Score Distribution

Your Account Isn't Verified!

In order to create a playlist on Sporcle, you need to verify the email address you used during registration. Go to your Sporcle Settings to finish the process.

Report this User

Report this user for behavior that violates our Community Guidelines.

Details: